Annual review of political science
So long as scholar take seriously the emotional commitments thay make as they discover what interests them, acquire entellectual capital and learn how to do work.
Na minha lista:
| Formato: | Livro |
|---|---|
| Idioma: | Undetermined |
| Publicado em: |
Palo Alto
Annual Reviews, Inc.
2001
|
| Assuntos: | |
| Tags: |
Adicionar Tag
Sem tags, seja o primeiro a adicionar uma tag!
|
| Thư viện lưu trữ: | Trung tâm Học liệu Trường Đại học Cần Thơ |
|---|
| LEADER | 00688nam a2200181Ia 4500 | ||
|---|---|---|---|
| 001 | CTU_222281 | ||
| 008 | 210402s9999 xx 000 0 und d | ||
| 082 | |a 320.05 | ||
| 082 | |b A615/Vol.4 | ||
| 245 | 0 | |a Annual review of political science | |
| 245 | 0 | |c Edited by Nelson W. Polsby | |
| 260 | |a Palo Alto | ||
| 260 | |b Annual Reviews, Inc. | ||
| 260 | |c 2001 | ||
| 520 | |a So long as scholar take seriously the emotional commitments thay make as they discover what interests them, acquire entellectual capital and learn how to do work. | ||
| 650 | |a Political science,Khoa học chính trị | ||
| 904 | |i Kim Tuyến, Qhieu | ||
| 980 | |a Trung tâm Học liệu Trường Đại học Cần Thơ | ||